| 000 | 00986nam a22003017a 4500 | ||
|---|---|---|---|
| 003 | CHAP | ||
| 005 | 20220329135840.0 | ||
| 008 | 971013s1981 r 00010 d | ||
| 010 | _a43257 | ||
| 011 | _a44229 | ||
| 035 | _a48367 | ||
| 040 | _cCHAP | ||
| 090 | _aFolleto 9811 | ||
| 110 |
_aMéxico. Secretaría de la Reforma Agraria _977197 |
||
| 245 | _aModelo de reglamento interno para autoridades de uniones de ejidos y asociaciones rurales | ||
| 260 |
_aMéxico, D.F. : _bLa Secretaría, _c1981 |
||
| 300 | _a49 p | ||
| 590 |
_aBATCH-UPD _b10 _c20130110 _lUCH01 _h1827 |
||
| 590 |
_aBATCH-UPD _b10 _c20130410 _lUCH01 _h1200 |
||
| 590 |
_aBATCH-UPD _b10 _c20130914 _lUCH01 _h1254 |
||
| 590 |
_aCONVERSION _b10 _c20130109 _lUCH01 _h1324 |
||
| 650 | 1 | 4 |
_aAgricultura _xSociedades _xLeyes. _91808 |
| 650 | 1 | 4 |
_aAgricultura _xSociedades _zMexico. _91820 |
| 650 | 1 | 4 |
_aEjidos _zMéxico. _936039 |
| 901 | _aBK | ||
| 942 | _cFOLL | ||
| 949 |
_aFolleto 9811 _bBC _cFOLL _d-109598 _eTS1 _i48367 _mD _si |
||
| 999 |
_c43257 _d43257 |
||